[Event "Chigorin Memorial blitz 23rd"]
[Site "St Petersburg"]
[Date "2015.10.02"]
[Round "4"]
[White "Chigaev, Maksim"]
[Black "Kopylov, Yuriy"]
[Result "1-0"]
[WhiteElo "2521"]
[BlackElo "2088"]
[PlyCount "55"]
[EventDate "2015.10.02"]
[EventType "swiss (blitz)"]
[EventRounds "13"]
[EventCountry "RUS"]
[SourceTitle "CBM 168 Extra"]
[Source "ChessBase"]
[SourceDate "2015.10.29"]
[SourceVersion "1"]
[SourceVersionDate "2015.10.29"]
[SourceQuality "1"]

1. e4 c5 2. Nf3 Nc6 3. Bb5 g6 4. Bxc6 bxc6 5. 0-0 Bg7 6. Re1 e5 7. c3 Ne7 8. d4 cxd4 9. cxd4 exd4 10. Nxd4 0-0 11. Nc3 h6 12. Bf4 d6 13. Nb3 d5 14. exd5 Nxd5 15. Nxd5 Qxd5 16. Qxd5 cxd5 17. Be5 Be6 18. Nd4 Rfe8 19. Bxg7 Kxg7 20. f3 Rab8 21. Re2 Kf6 22. Rae1 Bd7 23. Kf2 Rxe2+ 24. Rxe2 Rb4 25. Rd2 Ke5 26. Ke3 g5 27. g3 Be6 28. Nc6+ 1-0